La Universidad de Salamanca en la Guerra de la Independencia / (Record no. 23532)
[ view plain ]
| 000 -LEADER | |
|---|---|
| campo de control de longitud fija | 00951nam a2200265 i 4500 |
| 001 - NÚMERO DE CONTROL | |
| campo de control | 23532 |
| 003 - IDENTIFICADOR DE NÚMERO DE CONTROL | |
| campo de control | ES-MaACL |
| 005 - FECHA Y HORA DE LA ÚLTIMA TRANSACCIÓN | |
| campo de control | 20250707074010.0 |
| 007 - CAMPO FIJO DE DESCRIPCIÓN FÍSICA--INFORMACIÓN GENERAL | |
| campo de control de longitud fija | t| |
| 008 - DATOS DE LONGITUD FIJA--INFORMACIÓN GENERAL | |
| campo de control de longitud fija | 021211s1986 sp ||||1| spa d |
| 100 1# - ENTRADA PRINCIPAL--NOMBRE DE PERSONA | |
| Nombre de persona | Amador y Carrandi, Florencio. |
| 9 (RLIN) | 21094 |
| 245 13 - MENCIÓN DEL TÍTULO | |
| Título | La Universidad de Salamanca en la Guerra de la Independencia / |
| Mención de responsabilidad, etc. | por Florencio Amador y Carrandi. |
| 250 ## - MENCION DE EDICION | |
| Mención de edición | [ed. facsímil]. |
| 260 ## - PUBLICACIÓN, DISTRIBUCIÓN, ETC. | |
| Lugar de publicación, distribución, etc. | Salamanca : |
| Nombre del editor, distribuidor, etc. | Universidad, |
| Fecha de publicación, distribución, etc. | 1986. |
| 300 ## - DESCRIPCIÓN FÍSICA | |
| Extensión | X, 141 p. ; |
| Dimensiones | 22 cm. |
| 490 1# - MENCIÓN DE SERIE | |
| Mención de serie | Acta Salmanticensia. Historia de la Universidad ; |
| Designación de volumen o secuencia | 44 |
| 490 1# - MENCIÓN DE SERIE | |
| Mención de serie | Investigaciones históricas |
| 500 ## - NOTA GENERAL | |
| Nota general | Reprod. facs. de la ed. de : Salamanca : Imp. Calatrava, 1916. |
| 655 #7 - TERMINO DE INDIZACIÓN--GENERO/FORMA | |
| Fuente del término | tgfbne |
| 9 (RLIN) | 226495 |
| Datos o término principal de género/forma | Facsímiles |
| 830 00 - PUNTO DE ACCESO ADICIONAL DE SERIE-TÍTULO UNIFORME | |
| Título uniforme | Acta Salmanticensia. Historia de la Universidad |
| Designación de volumen o secuencia | 44 |
| 9 (RLIN) | 178181 |
| 830 0# - PUNTO DE ACCESO ADICIONAL DE SERIE-TÍTULO UNIFORME | |
| Título uniforme | Investigaciones históricas |
| 9 (RLIN) | 226682 |
| 852 ## - LOCALIZACIÓN | |
| Ubicación | ES-MaACL |
| Número de control de estantería | L-11826 |
| Sublocalización o colección | R.113010 |
| 942 ## - ELEMENTOS DE ENTRADA SECUNDARIOS (KOHA) | |
| Fuente del sistema de clasificación o colocación | Clasificación decimal universal |
| Estatus retirado | Estado de pérdida | Estado de daño | No para préstamo | Biblioteca de origen | Biblioteca actual | Ubicación en estantería | Fecha de adquisición | Fuente de adquisición | Total de préstamos | Signatura topográfica completa | Código de barras | Visto por última vez | Precio de reemplazo | Tipo de ítem Koha |
|---|---|---|---|---|---|---|---|---|---|---|---|---|---|---|
| Biblioteca del Ateneo de Madrid | Biblioteca del Ateneo de Madrid | Depósito 2 | 17/01/2008 | L-11826 | 1024248 | 23/02/2023 | 23/02/2023 | Libro impreso |
